000 00308cam a22001217a 4500
008 180718b1957 xxu||||| |||| 00| 0 eng d
082 _aB2 Ah51
100 _aAhmad, I.
245 _aFirst principles of politics
_cby I. Ahmad
260 _aAllahabad
_b
_c1957
300 _a315p.
650 _aPolitical science.
999 _c357154
_d357154